| 000 | 01221cam a22002651 4500 | ||
|---|---|---|---|
| 001 | 29279 | ||
| 003 | BD-RjUL | ||
| 005 | 20211209051407.0 | ||
| 008 | 140403s1947 xx 001 0 eng | ||
| 035 | _a(BD-RjUL)29364 | ||
| 035 | _a(OCoLC)669938 | ||
| 040 |
_aDLC _cODaU _dOClW-H _dOCoLC _dDLC _dBD-RjUL _beng |
||
| 041 | _aeng | ||
| 082 |
_a131.3462 _bFLM 1947 |
||
| 100 | 1 |
_aFlugel, J. C. _q(John Carl), _d1884-1955. _94162 |
|
| 245 | 1 | 0 |
_aMen and their motives : _bpsycho-analytical studies / _cby J. C. Flugel. With two essays by Ingeborg Flugel. |
| 260 |
_aNew York, N.Y. : _bInternational Universities Press, Inc., _c1947. |
||
| 300 |
_a289 p. ; _c23 cm. |
||
| 505 | 0 | _aThe psychology of birth control.- Sexual and social sentiments.- Some problems of jealousy.- Maurice Bedel's "Jerome": a study of contrasting types.- Esperanto and the international language movement.- On the significance of names, by Ingeborg Flugel.- Some psychological aspects of a fox-hunting rite, by Ingeborg Flugel.- On the character and married life of Henry VIII. | |
| 650 | 0 |
_aPsychoanalysis. _989358 |
|
| 700 | 1 |
_aFlugel, Ingeborg Kingberg, _d1890- _989359 |
|
| 942 |
_2ddc _cBK |
||
| 999 |
_c29279 _d29279 |
||